| 000 | 00745nam a2200241Ia 4500 | ||
|---|---|---|---|
| 999 |
_c45577 _d45577 |
||
| 005 | 20240530104223.0 | ||
| 008 | 140319s9999 xx 000 0 ara d | ||
| 017 | _bمصر. دار الكتب | ||
| 040 |
_aGCL / _cGCL |
||
| 082 | 0 | 4 |
_a301.114 _bف ش _221 |
| 100 | 1 | _aمحمد ابراهيم زكى | |
| 245 | 1 | 0 |
_aشرق وغرب: نحو تفاهم متبادل / _cمحمد ابراهيم زكى |
| 300 | _a103 ص | ||
| 490 |
_aالالف كتاب _v0 |
||
| 650 | 0 | 4 |
_aالاجتماع _2qrmak |
| 650 | 0 | 4 |
_aالشرق _2qrmak |
| 650 | 0 | 4 |
_aالغرب _2qrmak |
| 650 | 0 | 4 |
_aالتفاعل الاجتماعى _2qrmak |
| 650 | 0 | 4 |
_aالمجتمعات _2qrmak |
| 651 | _2qrmak | ||
| 700 | 1 | _aفرادييه، جورج | |
| 942 |
_2ddc _cBK |
||